000 01426namaa22003611i 4500
003 EG-GICUC
005 20260405114620.0
008 260405s2000 ua ||||jr|||| 000 0 ara d
017 _a2000 / 15012
_bدار الكتب والوثائق القومية (مصر)
020 _a9772135477
040 _aEG-GiCUC
_bara
_cEG-GiCUC
_dEG-GiCUC
_erda
041 _aara
_heng
043 _af----ua
082 0 4 _221
_a306.872
_bD6355
092 0 4 _221
_a306.872
_bD6355
099 _a306.872 D6355 2000
100 1 _aدوبسون، جيمس
_eمؤلف.
240 1 _aWhat wives wish husbands knew about woman ؟
_lArabic
245 1 0 _aماذا تحب النساء أن يعرف عنهن الرجال؟ /
_cدكتور جيمس دوبسون ؛ ترجمة إدوارد وديع عبد المسيح
250 _aطبعة ثانية
264 _aالقاهرة (مصر) :
_bدار الثقافة،
_c2000
300 _a124 : صفحة
_bإيضاحيات،
_c20 سم
336 _2rdacontent
_atext
337 _2rdamedia
_aUnmediated
338 _2rdacarrier
_avolume
541 _aد. جابر عصفور ؛
_bالقاهرة ؛
_cإهداء ؛
_d2024.
650 1 7 _aالعلاقات الاسرية بين الازواج والزوجات
_2qrmak
650 1 7 _aالاطفال
_xتربية
651 1 _2qrmak
700 1 _aعبد المسيح، إدوارد وديع
_eمترجم.
905 _aNermeen
942 _2ddc
_cBK
_e21
_n0
999 _c179185
_d179185